header

Hope for a heated planet (Record no. 5967)

MARC details
000 -LEADER
fixed length control field 01363nam a2200325Ia 4500
001 - CONTROL NUMBER
control field ebr10275480
003 - CONTROL NUMBER IDENTIFIER
control field CaPaEBR
006 - FIXED-LENGTH DATA ELEMENTS--ADDITIONAL MATERIAL CHARACTERISTICS--GENERAL INFORMATION
fixed length control field m u
007 - PHYSICAL DESCRIPTION FIXED FIELD--GENERAL INFORMATION
fixed length control field cr cn|||||||||
008 - FIXED-LENGTH DATA ELEMENTS--GENERAL INFORMATION
fixed length control field 080220s2009 nju sb 001 0 eng d
010 ## - LIBRARY OF CONGRESS CONTROL NUMBER
Canceled/invalid LC control number 2008007762
020 ## - INTERNATIONAL STANDARD BOOK NUMBER
Cancelled/invalid ISBN 9780813544113 (hardcover : alk. paper)
040 ## - CATALOGING SOURCE
Original cataloging agency CaPaEBR
Transcribing agency CaPaEBR
035 ## - SYSTEM CONTROL NUMBER
System control number (OCoLC)311593395
050 14 - LIBRARY OF CONGRESS CALL NUMBER
Classification number QC981.8.G56
Item number M876 2009eb
100 1# - MAIN ENTRY--PERSONAL NAME
Personal name Musil, Robert K.,
Dates associated with a name 1943-
245 10 - TITLE STATEMENT
Title Hope for a heated planet
Medium [electronic resource] :
Remainder of title how Americans are fighting global warming and building a better future /
Statement of responsibility, etc Robert K. Musil.
260 ## - PUBLICATION, DISTRIBUTION, ETC. (IMPRINT)
Place of publication, distribution, etc New Brunswick, N.J. :
Name of publisher, distributor, etc Rutgers University Press,
Date of publication, distribution, etc c2009.
300 ## - PHYSICAL DESCRIPTION
Extent xi, 264 p.
504 ## - BIBLIOGRAPHY, ETC. NOTE
Bibliography, etc Includes bibliographical references (p. [225]-248) and index.
533 ## - REPRODUCTION NOTE
Type of reproduction Electronic reproduction.
Place of reproduction Palo Alto, Calif. :
Agency responsible for reproduction ebrary,
Date of reproduction 2009.
Note about reproduction Available via World Wide Web.
-- Access may be limited to ebrary affiliated libraries.
650 #0 - SUBJECT ADDED ENTRY--TOPICAL TERM
Topical term or geographic name as entry element Global warming.
Topical term or geographic name as entry element Climatic changes
Geographic subdivision United States.
Topical term or geographic name as entry element Global warming
General subdivision Health aspects.
Topical term or geographic name as entry element Carbon dioxide
General subdivision Physiological effect.
Topical term or geographic name as entry element Green movement.
655 #7 - INDEX TERM--GENRE/FORM
Genre/form data or focus term Electronic books.
Source of term local
710 2# - ADDED ENTRY--CORPORATE NAME
Corporate name or jurisdiction name as entry element ebrary, Inc.
856 40 - ELECTRONIC LOCATION AND ACCESS
Uniform Resource Identifier <a href="http://site.ebrary.com/lib/rucke/Doc?id=10275480">http://site.ebrary.com/lib/rucke/Doc?id=10275480</a>
Public note An electronic book accessible through the World Wide Web; click to view

No items available.

© 2026 Rongo University
Contact us: librarian | system librarian | Rongo university